Datum a čas kvízu

39 Celkem bodů Celkový počet nahraných bodů na tomto kvízu bez doplňovacích otázek.
2. Pořadí na kvízu Konečné umístění týmu na tomto kvízu.

Zaznamenané odpovědi

# Otázka Odpověď Body Výsledky
1. Poslankyně Alena Schillerová z... TikTok 1
2. Ve které zemi zrušil minulý tý... v Rumunsku 1
3. Hudební streamovací platforma... Bad Bunny 1
4. Dosavadním rozvážkovým službám... Česká pošta, COOP 1
5. Ve čtvrtek byly slavnostně vyh... Zlatý kanár, Barbora Krejčíková 1
6. Téma o nejpoužívanějších aplik... Bolt 1
7. V roce 2024 použilo alespoň je... WhatsApp 1
8. Jedna aplikace, ve které jsou... Duolingo 0
9. Ve které z těchto zemí jako v... C 0
10. Tento Evropan má kratičké příj... Spotify 0